Music Quiz

Random Music or Song Quiz

Top 100 Songs of 2010-2014 Quiz Stats

Quiz Updated Oct 28, 2017

Challenge
Share
Tweet
The "Source" link at the bottom of this quiz is actually a Spotify playlist of all 100 of these songs.
Score 0/100 Timer 10:00
6 Plays Today
Rank - Year Artist % Correct
35/2011Katy Perry ft. Kanye West
97.3%
6 /2014Katy Perry ft. Juicy J
97.3%
43/2010Katy Perry ft. Snoop Dogg
97.3%
39/2013Katy Perry
97.2%
29/2010Katy Perry
97.2%
54/2010Katy Perry
97.2%
2 /2011Adele
97%
31/2011Adele
97%
55/2012Adele
97%
16/2014Taylor Swift
95.5%
36/2014Taylor Swift
95.5%
71/2013Taylor Swift
95.5%
98/2012Taylor Swift
95.5%
9 /2011Rihanna ft. Calvin Harris
93.1%
52/2013Miley Cyrus
93.1%
100/2013Miley Cyrus
93.1%
68/2012Rihanna
93.1%
83/2013Rihanna ft. Mikky Ekko
93.1%
81/2010Rihanna
93.1%
89/2010Rihanna
93.1%
15/2011Maroon 5 ft. Christina Aguilera
91.7%
21/2012Maroon 5
91.7%
14/2010Bruno Mars
91.7%
32/2012Bruno Mars
91.7%
45/2012Maroon 5 ft. Wiz Khalifa
91.7%
42/2011Bruno Mars
91.7%
65/2013Bruno Mars
91.7%
91/2011Bruno Mars
91.7%
19/2010Ke$ha
90.5%
13/2014Pharrell Williams
88%
1 /2011LMFAO ft. Lauren Bennett & GoonRock
86.8%
26/2012LMFAO
86.8%
82/2014Jessie J, Ariana Grande & Nicki Minaj
86.4%
18/2013Lorde
85.6%
Rank - Year Artist % Correct
10/2013Robin Thicke ft. T.I. & Pharrell
83.7%
49/2011Nicki Minaj
83.7%
72/2012Nicki Minaj
83.7%
37/2010Eminem ft. Rihanna
82.4%
62/2013Eminem ft. Rihanna
82.4%
3 /2013Imagine Dragons
82.1%
56/2013Imagine Dragons
82.1%
24/2010Train
81.7%
17/2013Macklemore & Ryan Lewis ft. Wanz
81.4%
44/2013Macklemore & Ryan Lewis ft. Ray Dalton
81.3%
78/2014Sia
81%
53/2013P!nk ft. Nate Ruess
80.8%
76/2010P!nk
80.8%
8 /2014Meghan Trainor
79.9%
5 /2012Carly Rae Jepsen
79.5%
40/2014Pitbull ft. Ke$ha
78.1%
79/2012Psy
77%
94/2014Tove Lo
76.3%
22/2012Fun. ft. Janelle Monae
75.9%
30/2012Fun.
75.9%
4 /2012Gotye ft. Kimbra
75.6%
12/2014John Legend
75.6%
48/2012Kelly Clarkson
74.6%
50/2013Justin Timberlake
73.9%
20/2011Pitbull ft. Ne-Yo, AfroJack & Nayer
73.8%
33/2011Cee Lo Green
72.7%
88/2012One Direction
71.4%
58/2010Usher ft. Pitbull
70.2%
27/2014Sam Smith
69.9%
46/2010Usher ft. will.i.am
69.5%
70/2013Daft Punk ft. Pharrell Williams
69.2%
66/2010B.o.B. ft. Bruno Mars
67.7%
47/2014Hozier
66.4%
34/2014Iggy Azalea ft. Charli XCX
66.1%
Rank - Year Artist % Correct
7 /2014OneRepublic
66%
51/2010B.o.B. ft. Haley Williams Of Paramore
64.3%
63/2014Jason DeRulo
63.8%
95/2010Jason DeRulo
63.1%
93/2012Flo Rida ft. Sia
61.2%
57/2014Bastille
59.8%
84/2014Ariana Grande ft. Iggy Azalea
58.3%
64/2010Taio Cruz ft. Ludacris
58.2%
23/2010Taio Cruz
58.1%
28/2012The Lumineers
55.8%
61/2012Flo Rida
54.8%
60/2011Foster The People
50.9%
97/2011Jennifer Lopez ft. Pitbull
49.6%
90/2013Drake ft. Majid Jordan
49.1%
25/2013Avicii
49%
38/2014MAGIC!
48.7%
74/2014Passenger
47.9%
11/2010Lady Antebellum
45.7%
87/2014DJ Snake & Lil Jon
43.3%
59/2012The Wanted
43%
80/2010Nelly
42.4%
41/2012Ellie Goulding
41.9%
86/2011Black Eyed Peas
41.1%
73/2010David Guetta ft. Akon
38.8%
75/2011Gym Class Heroes ft. Adam Levine
35.7%
67/2010Enrique Iglesias ft. Pitbull
32.4%
92/2013AWOLNATION
31.9%
69/2010Iyaz
31.9%
85/2010Far East Movement ft. Cataracs & Dev
30.5%
96/2014Nico & Vinz
25.9%
77/2013Phillip Phillips
24.9%
99/2010Young Money ft. Lloyd
22.9%

You're not logged in!

Compare scores with friends on all Sporcle quizzes.
Join for Free
OR
Log In

You Might Also Like...

Show Comments

Extras

Top Quizzes Today


Score Distribution

Your Account Isn't Verified!

In order to create a playlist on Sporcle, you need to verify the email address you used during registration. Go to your Sporcle Settings to finish the process.

Report this User

Report this user for behavior that violates our Community Guidelines.

Details: